| 000 -CABECERA |
| Longitud fija campo de control |
00578nam a2200169 a 4500 |
| 001 - NÚMERO DE CONTROL |
| Número de control |
2459 |
| 003 - IDENTIFICADOR DEL NÚMERO DE CONTROL |
| Identificador del número de control |
CDMR |
| 005 - FECHA Y HORA DE LA ÚLTIMA TRANSACCIÓN |
| Fecha y hora de la última transacción |
20131021133704.0 |
| 008 - CÓDIGOS DE INFORMACIÓN DE LONGITUD FIJA |
| Códigos de información de longitud fija |
130130s1971||||||||||||||||||||||||||||d |
| 040 ## - FUENTE DE LA CATALOGACIÓN |
| Centro catalogador de origen |
CDMR |
| Lengua de catalogación |
cat |
| Centro transcriptor |
CDMR |
| 100 1# - PUNTO DE ACCESO PRINCIPAL-NOMBRE DE PERSONA |
| Nombre de persona |
Poyal Costa, José Luis |
| 9 (RLIN) |
1841 |
| 245 14 - MENCIÓN DE TÍTULO |
| Título |
Las nuevas técnicas de organización en la empresa periodística |
| Mención de responsabilidad, etc. |
José Luis Poyal Costa ; prólogo de Alejandro Fernández Sordo |
| 260 ## - PUBLICACIÓN, DISTRIBUCIÓN, ETC. (PIE DE IMPRENTA) |
| Lugar de publicación, distribución, etc. |
Oviedo |
| Nombre del editor, distribuidor, etc. |
Graf. Summa [Distribuïdor] |
| Fecha de publicación, distribución, etc. |
DL 1971 |
| 300 ## - DESCRIPCIÓN FÍSICA |
| Extensión |
108 p. |
| 650 04 - PUNTO DE ACCESO ADICIONAL DE MATERIA - TÉRMINO DE MATERIA |
| 9 (RLIN) |
3665 |
| Término de materia o nombre geográfico como elemento inicial |
Empreses periodístiques |
| Subdivisión de materia general |
Direcció i administració |
| 942 ## - ENTRADA DE ELEMENTOS AGREGADOS (KOHA) |
| Koha [por defecto] tipo de item |
Monografies |
| Fuente de clasificaión o esquema |
|